| 000 | 00514nam a2200217Ia 4500 | ||
|---|---|---|---|
| 008 | 171120s9999 xx 000 0 und d | ||
| 020 | _a9712900963 | ||
| 050 | _a220.52 | ||
| 050 | _bJ762 1966 | ||
| 100 | _aJones, Alexander | ||
| 245 | 4 | _aThe Jerusalem bible / | |
| 245 | _cby Alexander Jones. | ||
| 260 | _aPhilippines : | ||
| 260 | _bPhilippine Bible Society, | ||
| 260 | _c1966 | ||
| 300 | _a498 pages : | ||
| 300 | _billustrations ; | ||
| 300 | _c21cm. | ||
| 650 | _aBible. | ||
| 700 | _aTitle. | ||
| 999 |
_c345459 _d345459 |
||